[Event "AUTO-ADV-4935"]
[Site "http://www.queenalice.com/game.php?id=1873145"]
[Date "2026.5.8"]
[Round "1"]
[White "WHUSIRO"]
[Black "oniwa"]
[Result "1/2-1/2"]
[WhiteElo "1904"]
[BlackElo "1898"]

1. e4 e5 2. Nf3 Nc6 3. Bb5 d6 4. h3 Nf6 5. d3 Bd7 6. Bg5 Be7 7. O-O O-O 8. Nbd2
a6 9. Ba4 h6 10. Be3 Nb4 11. Bb3 b5 12. a3 Nc6 13. c4 Na5 14. Ba2 c5 15. b4 Nb7
16. cxb5 Bxb5 17. Bc4 Qb6 18. bxc5 Nxc5 19. Bxb5 Qxb5 20. Nc4 d5 21. Bxc5 Bxc5
22. Rb1 Qc6 23. Ncxe5 Qe6 24. a4 Rfd8 25. Qc2 Rac8 26. Qe2 Nd7 27. Nxd7 Qxd7 28.
d4 dxe4 29. Qxe4 Bxd4 30. Nxd4 Qxd4 31. Qxd4 Rxd4 32. Ra1 Rcc4 33. Rfb1 Rxa4 34.
Rxa4 Rxa4 35. Rb8+ Kh7 36. Ra8 Ra1+ 37. Kh2 Kg6 38. Kg3 Kf5 39. Ra7 Kf6 40. Kf3
Ra3+ 41. Ke2 g5 42. g4 Kg6 43. f3 f5 44. gxf5+ Kxf5 45. Rf7+ Kg6 46. Ra7 Kh5 47.
Rh7 a5 48. Kf2 a4 49. Kg3 Kg6 50. Ra7 h5 51. Ra6+ Kf5 52. Ra5+ Kg6 53. Ra6+ Kf5
54. Ra5+ Kg6 55. Ra6+ 1/2-1/2

[Event "AUTO-ADV-4935"]
[Site "http://www.queenalice.com/game.php?id=1873156"]
[Date "2026.5.8"]
[Round "1"]
[White "WHUSIRO"]
[Black "Carlos19"]
[Result "1-0"]
[WhiteElo "1881"]
[BlackElo "1740"]

1. e4 e5 2. Nf3 Nc6 3. Bb5 h6 4. c3 d6 5. d4 Bg4 6. d5 a6 7. dxc6 axb5 8. cxb7
Rb8 9. Qd5 Qd7 10. Be3 Nf6 11. Qd3 Rxb7 12. Nbd2 b4 13. c4 c5 14. h3 Bxf3 15.
gxf3 g5 16. b3 Be7 17. Nf1 Ng8 18. Ng3 f6 19. Nf5 h5 20. Ke2 Nh6 21. Nxh6 Rxh6
22. Qd5 Rg6 23. Rad1 g4 24. hxg4 hxg4 25. Rh8+ Bf8 26. Rdh1 Ke7 27. R1h7+ Bg7
28. Rg8 Rc7 29. Rgxg7+ Rxg7 30. Rxg7+ Kd8 31. Rxd7+ Rxd7 32. fxg4 Rg7 33. f3 Kc7
34. Qe6 Rg6 35. Qf7+ 1-0

[Event "AUTO-ADV-4935"]
[Site "http://www.queenalice.com/game.php?id=1873157"]
[Date "2026.5.8"]
[Round "1"]
[White "Carlos19"]
[Black "WHUSIRO"]
[Result "0-1"]
[WhiteElo "1730"]
[BlackElo "1884"]

1. e4 c5 2. Bc4 d6 3. Nf3 Nf6 4. Nc3 Bg4 5. h3 Bh5 6. d3 e6 7. O-O Be7 8. a3 O-O
9. b4 b6 10. Qd2 Nbd7 11. b5 h6 12. g4 Bg6 13. g5 hxg5 14. Nxg5 Nh7 15. Nxh7
Bxh7 16. f4 e5 17. f5 g6 18. fxg6 Bxg6 19. Nd5 Re8 20. Nxe7+ Qxe7 21. Bd5 Rab8
22. Qh6 Qf8 23. Bc6 Qxh6 24. Bxh6 Red8 25. Bg5 f6 26. Bxf6 Nxf6 27. Rxf6 Kg7 28.
Raf1 Rh8 29. Rf7+ Bxf7 30. c4 Rxh3 31. Rd1 Rbh8 32. Kf2 Rh2+ 33. Ke1 Rh1+ 34.
Kd2 Rxd1+ 35. Kxd1 Rh2 36. a4 Kf6 37. Ke1 Kg5 38. Kf1 Kf4 39. Ke1 Ke3 40. Bd5
Rh1# 0-1

[Event "AUTO-ADV-4936"]
[Site "http://www.queenalice.com/game.php?id=1873356"]
[Date "2026.5.13"]
[Round "1"]
[White "askasl159"]
[Black "WHUSIRO"]
[Result "1-0"]
[WhiteElo "1793"]
[BlackElo "1873"]

1. e4 c5 2. b4 cxb4 3. a3 Nc6 4. d4 d6 5. Nf3 Bg4 6. Bb2 Qa5 7. axb4 Qxb4+ 8.
Bc3 Bxf3 9. gxf3 Qb6 10. d5 Ne5 11. Bxe5 dxe5 12. Nc3 Nf6 13. Bb5+ Nd7 14. d6
exd6 15. Qd2 Qc7 16. Nd5 Qc8 17. c4 Be7 18. f4 Bd8 19. fxe5 dxe5 20. Rd1 O-O 21.
Bxd7 Qxc4 22. Qb4 Qa2 23. Qxb7 Ba5+ 24. Kf1 Qc4+ 25. Kg1 Qxe4 26. Ne7+ Kh8 27.
Qxe4 1-0

[Event "AUTO-ADV-4936"]
[Site "http://www.queenalice.com/game.php?id=1873357"]
[Date "2026.5.13"]
[Round "1"]
[White "WHUSIRO"]
[Black "askasl159"]
[Result "0-1"]
[WhiteElo "1894"]
[BlackElo "1772"]

1. e4 e5 2. Nf3 Nc6 3. Bb5 Nge7 4. c3 g6 5. O-O Bg7 6. d3 O-O 7. b4 a6 8. Ba4 b5
9. Bb3 d5 10. exd5 Nxd5 11. Bb2 Be6 12. Nbd2 Nf4 13. Bxe6 fxe6 14. Ne4 Nxd3 15.
Rb1 a5 16. Ne1 Nxe1 17. Rxe1 axb4 18. cxb4 Rxa2 19. Nc5 Nd4 20. Bxd4 Qxd4 21.
Nxe6 Qxf2+ 22. Kh1 Qxg2# 0-1

[Event "AUTO-ADV-4936"]
[Site "http://www.queenalice.com/game.php?id=1873370"]
[Date "2026.5.13"]
[Round "1"]
[White "WHUSIRO"]
[Black "altair"]
[Result "0-1"]
[WhiteElo "1854"]
[BlackElo "1813"]

1. e4 e5 2. Nf3 d6 3. h3 h6 4. d4 Nc6 5. d5 Nce7 6. Bc4 a6 7. O-O Nf6 8. Nc3 Ng6
9. Nh2 Bd7 10. Re1 Be7 11. Qe2 O-O 12. Ng4 Nf4 13. Bxf4 exf4 14. Nxf6+ Bxf6 15.
Qf3 Be5 16. Rab1 b5 17. Bd3 c5 18. Bf1 b4 19. Ne2 f5 20. Nxf4 fxe4 21. Rxe4 Bf5
22. Ne6 Bxe6 23. dxe6 Rxf3 0-1

[Event "AUTO-ADV-4936"]
[Site "http://www.queenalice.com/game.php?id=1873371"]
[Date "2026.5.13"]
[Round "1"]
[White "altair"]
[Black "WHUSIRO"]
[Result "0-1"]
[WhiteElo "1813"]
[BlackElo "1850"]

1. e4 c5 2. d3 d6 3. c4 Nc6 4. h3 Nf6 5. Be2 g6 6. Nf3 Bg7 7. a3 O-O 8. O-O e6
9. Bg5 h6 10. Bh4 g5 11. Bg3 e5 12. Nc3 Nd4 13. b4 b6 14. bxc5 bxc5 15. Qd2 Bd7
16. Rab1 Qa5 17. Ra1 Rab8 18. Nxd4 cxd4 19. Nb1 Qxd2 20. Nxd2 Rb2 21. c5 Rxd2
22. Rfe1 Rb8 23. cxd6 Rbb2 24. Bxe5 Rxe2 25. Rxe2 Rxe2 26. Bxd4 Rd2 27. e5 Nd5
28. Bxa7 Rxd3 29. a4 Bxe5 30. Rb1 Bxd6 31. Bb8 Bxb8 32. Rxb8+ Kg7 33. a5 Ra3 34.
Ra8 Be6 35. Kh2 Ra2 36. Kg1 Nb4 37. f3 Nd3 38. Kh2 Nf4 39. a6 Rxg2+ 40. Kh1 Bd5
41. Rd8 Bxf3 42. a7 Rd2+ 0-1

[Event "AUTO-ADV-4936"]
[Site "http://www.queenalice.com/game.php?id=1873372"]
[Date "2026.5.13"]
[Round "1"]
[White "WHUSIRO"]
[Black "dimitridruloza2012"]
[Result "0-1"]
[WhiteElo "1905"]
[BlackElo "1776"]

1. e4 b6 2. d4 Bb7 3. Bd3 g6 4. Nf3 Bg7 5. c3 Nf6 6. e5 Nd5 7. Be4 Ne3 8. Bxe3
Bxe4 9. Nbd2 Bb7 10. O-O d6 11. exd6 Qxd6 12. Re1 Nd7 13. Qc2 Nf6 14. Rac1 Qc6
15. h3 h5 16. Ng5 Qxg2# 0-1

[Event "AUTO-ADV-4936"]
[Site "http://www.queenalice.com/game.php?id=1873373"]
[Date "2026.5.13"]
[Round "1"]
[White "dimitridruloza2012"]
[Black "WHUSIRO"]
[Result "0-1"]
[WhiteElo "1797"]
[BlackElo "1836"]

1. g3 d5 2. Bg2 Nf6 3. b3 e5 4. Bb2 Bd6 5. Nc3 c6 6. Nf3 O-O 7. h3 Re8 8. e3 h6
9. Na4 Bd7 10. Nh4 Nh7 11. Qh5 Qf6 12. O-O-O b5 13. Nc3 Kh8 14. Kb1 g5 15. Nf3
a5 16. Ne1 Qg6 17. Qe2 f5 18. h4 g4 19. Qd3 e4 20. Qf1 h5 21. d3 Kg8 22. d4 Na6
23. Rc1 Nc7 24. Qe2 a4 25. a3 axb3 26. cxb3 Bxa3 27. Kc2 Bxb2 28. Kxb2 Qd6 29.
Nc2 Ra6 30. Na2 Rea8 31. Ra1 Nf6 32. Ncb4 Rxa2+ 33. Rxa2 Qxb4 34. Rxa8+ Nxa8 35.
Ra1 Nb6 36. Kc1 Qxb3 37. Rb1 Qc3+ 38. Kd1 Nc4 39. Rc1 Nb2+ 40. Qxb2 Qxb2 41. Rc2
Qa3 42. f4 gxf3 43. Bf1 Qxe3 44. Bh3 Qxd4+ 45. Rd2 Qe3 46. Bf1 Ng4 47. Bg2 fxg2
48. Rxg2 Qf3+ 49. Ke1 Qxg2 50. Kd1 Ne3+ 51. Ke1 Nc4 52. g4 fxg4 53. Kd1 Qd2# 0-1

[Event "AUTO-ADV-4938"]
[Site "http://www.queenalice.com/game.php?id=1874150"]
[Date "2026.5.30"]
[Round "1"]
[White "alexcamargo"]
[Black "WHUSIRO"]
[Result "0-1"]
[WhiteElo "1904"]
[BlackElo "1946"]

1. d4 Nf6 2. c4 e6 3. Nc3 Bb4 4. Qc2 c5 5. dxc5 Bxc5 6. Nf3 Nc6 7. b3 O-O 8. e3
a6 9. Bb2 b6 10. Bd3 h6 11. Ne4 Nxe4 12. Bxe4 d5 13. Bd3 Re8 14. h4 e5 15. e4 d4
0-1

[Event "AUTO-ADV-4938"]
[Site "http://www.queenalice.com/game.php?id=1874172"]
[Date "2026.5.30"]
[Round "1"]
[White "Tonto"]
[Black "WHUSIRO"]
[Result "0-1"]
[WhiteElo "2008"]
[BlackElo "1904"]

1. e4 c5 2. d3 d6 3. Nf3 Nf6 4. Be2 e6 5. Bf4 Be7 6. Nc3 O-O 7. O-O a6 8. e5
dxe5 9. Bxe5 Nc6 10. b3 Nd7 11. d4 Ncxe5 12. dxe5 f5 13. Bc4 Nb6 14. Qxd8 Bxd8
15. Bd3 Bc7 16. Ne2 Nd7 17. Bc4 Nxe5 18. Nxe5 Bxe5 19. Rad1 b5 20. Bd3 Bb7 21.
c4 b4 22. f4 Bf6 23. g3 Rad8 24. Kf2 Rd7 25. Rd2 Rfd8 26. Rfd1 h6 27. g4 g6 28.
h3 Bc3 29. Ke3 Bxd2+ 30. Rxd2 Be4 31. Nc1 Rd4 32. gxf5 exf5 33. h4 h5 34. Rd1
Bxd3 35. Rxd3 Kf7 36. Ke2 Re8+ 37. Kd2 Red8 38. Kc2 Kf6 39. Re3 Rd2+ 40. Kb1
R2d4 41. Re5 Rc8 42. Ne2 Rd1+ 43. Kc2 Rh1 44. Nc1 Rxh4 45. Nd3 Rh2+ 46. Kb1 Rd8
47. Rd5 Rxd5 48. cxd5 h4 49. Nxc5 a5 50. Nd7+ Ke7 51. Nb6 h3 52. Nc4 Rf2 53. d6+
Ke6 54. Ne5 h2 0-1

[Event "AUTO-ADV-4938"]
[Site "http://www.queenalice.com/game.php?id=1874173"]
[Date "2026.5.30"]
[Round "1"]
[White "WHUSIRO"]
[Black "Tonto"]
[Result "0-1"]
[WhiteElo "1874"]
[BlackElo "2017"]

1. e4 e5 2. Nf3 d6 3. h3 Be7 4. c3 Nf6 5. d3 Nc6 6. Be2 O-O 7. Bg5 d5 8. Bxf6
Bxf6 9. exd5 Qxd5 10. c4 Qa5+ 11. Nc3 Nd4 12. O-O Nxe2+ 13. Qxe2 Re8 14. Ne4 Be7
15. a3 Bf5 16. b4 Qb6 17. c5 Qb5 18. Qc2 Rad8 19. Rad1 f6 20. Qb3+ Kh8 21. a4
Qd7 22. g4 Bxg4 23. hxg4 Qxg4+ 24. Ng3 Qxf3 25. Kh2 Rd4 26. Kg1 h5 27. Rfe1 Rf4
28. Qc2 Qg4 29. Qe2 h4 30. Qxg4 Rxg4 31. Re4 Rxe4 32. dxe4 hxg3 0-1